Применение новых технологий добычи углеводородов в Арктике на примере проекта Ормен Ланге; Творчество юных - шаг в успешное будущее

Detalles Bibliográficos
Parent link:Творчество юных - шаг в успешное будущее.— 2014.— [С. 364-365]
Autor principal: Ефимов Д. В.
Autor Corporativo: Национальный исследовательский Томский политехнический университет (ТПУ) Институт природных ресурсов (ИПР) Кафедра транспорта и хранения нефти и газа (ТХНГ)
Otros Autores: Чухарева Н. В. Наталья Вячеславовна (научный руководитель)
Sumario:Заглавие с титульного экрана
Lenguaje:ruso
Publicado: 2014
Colección:Новейшие системы, техника и технологии освоения морей и океанов
Materias:
Acceso en línea:http://www.lib.tpu.ru/fulltext/c/2015/C66/129.pdf
Formato: Electrónico Capítulo de libro
KOHA link:https://koha.lib.tpu.ru/cgi-bin/koha/opac-detail.pl?biblionumber=612540

MARC

LEADER 00000naa2a2200000 4500
001 612540
005 20260424124918.0
035 |a (RuTPU)RU\TPU\conf\10662 
035 |a RU\TPU\conf\10661 
090 |a 612540 
100 |a 20150618d2014 k y0rusy50 ca 
101 0 |a rus 
102 |a RU 
135 |a drgn ---uucaa 
181 0 |a i  
182 0 |a b 
200 1 |a Применение новых технологий добычи углеводородов в Арктике на примере проекта Ормен Ланге  |f Д. В. Ефимов  |g науч. рук. Н. В. Чухарева 
203 |a Текст  |c электронный 
225 1 |a Новейшие системы, техника и технологии освоения морей и океанов 
300 |a Заглавие с титульного экрана 
320 |a [Библиогр.: с. 365 (3 назв.)] 
337 |a Adobe Reader 
463 1 |0 (RuTPU)RU\TPU\conf\10372  |t Творчество юных - шаг в успешное будущее  |o материалы VII Всероссийской научной студенческой конференции с элементами научной школы имени профессора М.К. Коровина, г. Томск, 10-14 ноября 2014 г.  |f Национальный исследовательский Томский политехнический университет (ТПУ) ; под ред. А. Ю. Дмитриева  |v [С. 364-365]  |d 2014 
610 1 |a труды учёных ТПУ 
610 1 |a электронный ресурс 
610 1 |a новые технологии 
610 1 |a добыча 
610 1 |a углеводороды 
610 1 |a Арктика 
610 1 |a арктический шельф 
700 1 |a Ефимов  |b Д. В. 
702 1 |a Чухарева  |b Н. В.  |c специалист в области нефтегазового дела  |c доцент Томского политехнического университета, кандидат химических наук  |f 1967-  |g Наталья Вячеславовна  |4 727 
712 0 2 |a Национальный исследовательский Томский политехнический университет (ТПУ)  |b Институт природных ресурсов (ИПР)  |b Кафедра транспорта и хранения нефти и газа (ТХНГ)  |3 (RuTPU)RU\TPU\col\18661 
801 2 |a RU  |b 63413507  |c 20161015  |g RCR 
856 4 |u http://www.lib.tpu.ru/fulltext/c/2015/C66/129.pdf 
942 |c BK